000 01509nam a22001577a 4500
041 _aukr
080 _a09
090 _bСАВ
100 _aСавчук, В. А.
245 _aМоделювання мілітарних та національних міфів у романах В. Скотта "Айвенго" та Г. Сенкевича "Вогнем і мечем"
260 _aОстрог
_bКАФ
_c2014
300 _a69
520 _aВступ. Розділ І. Ідеологічне підгрунтя моделювання міфів. 1.1. Культ лицаря в романтичній Англії 1.2. Сарматизм як євро-азійська традиція культу лицаря в контексті ідеології польської шляхти 1.3. Жанр історичного роману та процес міфотворення Розділ ІІ. Фактори мілітарного та національного міфотрворення. 2.1. Характер ведення оповіді у романах В. Скотта, і Г. Сенкевича 2.2. Художнє моделювання історії в умовах колоніального статусу 2.3. Гендерний стереотип чоловіка як воїна Висновки. Список використаної літератури.
_0літературознавство, В.Скотт, Г.Сенкевич
650 _aResearch Papers
999 _c285438
_d285438
942 _cBK